000 00563nam a2200169Ia 4500
008 090711s9999 xx 000 0 und d
082 _b77162
100 _aपाठक सुरेश त्र्यं.
245 _aअस्त अस्मितेSाा
260 _c1995
300 _a255
600 _aपाठक सुरेश त्र्यं.
630 _aअस्त अस्मितेSाा
700 _aपाठक सुरेश त्र्यं.
730 _aअस्त अस्मितेSाा
942 _cBOOK
999 _c300393
_d300393